000 00423nam a22001817a 4500
003 IBSLLIB
005 20260508055245.0
008 260508b |||||||| |||| 00| 0 eng d
020 _a0263124185
040 _aIBSLLIB
_beng
041 _hEng
082 _a823
_bLAM
100 _aLamp , Charlotte
245 _aSpellbinding
260 _aU.S :
_bMills & Boon Limited ,
_c1990
300 _a288 p. ;
_c22cm
942 _cLBK
999 _c22089
_d22089